Long An: Ngành nông nghiệp với mục tiêu trở thành ngành kinh tế mũi nhọn của tỉnh
Kaydedildi:
| Yazar: | |
|---|---|
| Materyal Türü: | Kitap |
| Dil: | Undetermined |
| Konular: | |
| Online Erişim: | http://lrc.tdmu.edu.vn/opac/search/detail.asp?aID=2&ID=26006 |
| Etiketler: |
Etiketle
Etiket eklenmemiş, İlk siz ekleyin!
|
| Thư viện lưu trữ: | Trung tâm Học liệu Trường Đại học Thủ Dầu Một |
|---|
| LEADER | 00628nam a2200145Ia 4500 | ||
|---|---|---|---|
| 001 | TDMU_26006 | ||
| 008 | 210410s9999 xx 000 0 und d | ||
| 082 | |a 338.1 | ||
| 100 | |a Nguyễn, Quốc Lý | ||
| 245 | 0 | |a Long An: Ngành nông nghiệp với mục tiêu trở thành ngành kinh tế mũi nhọn của tỉnh | |
| 245 | 0 | |c Nguyễn Quốc Lý | |
| 300 | |a Tr.37-39,41 | ||
| 650 | |a Nông nghiệp; Long An; Ngành kinh tế mũi nhọn; Kinh tế | ||
| 856 | |u http://lrc.tdmu.edu.vn/opac/search/detail.asp?aID=2&ID=26006 | ||
| 980 | |a Trung tâm Học liệu Trường Đại học Thủ Dầu Một | ||